Ars Medica. (Record no. 1816)

MARC details
000 -CABECERA
campo de control de longitud fija 01002nam a2200217 a 4500
001 - NÚMERO DE CONTROL
campo de control BRCA_2052
005 - FECHA Y HORA DE LA ÚLTIMA TRANSACCIÓN
campo de control 20190320203641.0
008 - DATOS DE LONGITUD FIJA--INFORMACIÓN GENERAL
campo de control de longitud fija 050808s1981----mx-a---###---#000-0#spa-#
020 ## - NÚMERO INTERNACIONAL ESTÁNDAR DEL LIBRO
Número Internacional Estándar del Libro 96858001210
050 #4 - SIGNATURA TOPOGRÁFICA DE LA BIBLIOTECA DEL CONGRESO
Número de clasificación R465
Número de documento/Ítem .A77 1981
245 10 - MENCIÓN DE TÍTULO
Título Ars Medica.
260 ## - PUBLICACIÓN, DISTRIBUCIÓN, ETC.
Lugar de publicación, distribución, etc. México
Nombre del editor, distribuidor, etc. UNAM
Fecha de publicación, distribución, etc. 1981
300 ## - DESCRIPCIÓN FÍSICA
Extensión 201 p.
Otras características físicas il.
Dimensiones 25 cm.
500 ## - NOTA GENERAL
Nota general Incluye una colección de grabados medicos del Museo de Arte de Philadelfia donada por ´Smith Kline Corporation´
500 ## - NOTA GENERAL
Nota general Consta de 135 grabados relacionados con la historia de la medicina que describen los aspectos esenciales de la iconografía médica durante seis siglos XV-XX
500 ## - NOTA GENERAL
Nota general Catálogo de la exposición realizada en el Museo de Historia de la Medicina Mexicana (Ex-Escuela de Medicina) (Ciudad de México), 22 diciembre, 1980 - 28 febrero, 1981
650 14 - PUNTO DE ACCESO ADICIONAL DE MATERIA--TÉRMINO DE MATERIA
Término de materia o nombre geográfico como elemento de entrada Medicina
Subdivisión de forma Grabados
Subdivisión general Historia
Subdivisión cronológica Siglo XV-XX
9 (RLIN) 6258
650 14 - PUNTO DE ACCESO ADICIONAL DE MATERIA--TÉRMINO DE MATERIA
Término de materia o nombre geográfico como elemento de entrada Grabados medicos
Subdivisión de forma Catálogos
9 (RLIN) 6259
650 14 - PUNTO DE ACCESO ADICIONAL DE MATERIA--TÉRMINO DE MATERIA
Término de materia o nombre geográfico como elemento de entrada Iconografía médica
Subdivisión cronológica Siglo XV-XX
9 (RLIN) 6260
942 ## - ELEMENTOS DE PUNTO DE ACCESO ADICIONAL (KOHA)
Fuente del sistema de clasificación o colocación Library of Congress Classification
Tipo de ítem Koha Libros
Holdings
Estado de retiro Estado de pérdida Estado dañado No para préstamo Localización permanente Ubicación/localización actual Fecha de adquisición Total de préstamos Signatura topográfica completa Código de barras Fecha visto por última vez Precio válido a partir de Tipo de ítem Koha
El ejemplar forma parte de la colección y puede ser consultado según las políticas vigentes.       Biblioteca del Museo Franz Mayer (Rogerio Casas-Alatriste) Biblioteca del Museo Franz Mayer (Rogerio Casas-Alatriste) 05/08/2008   R465 .A77 1981 00465 22/03/2019 22/03/2019 Libros